000 00831cab a2200253 4500
001 ABS60163
008 090401t1999 xxu||||| |||| 00| 0 eng d
035 _a(Sirsi) u99744
041 _aeng
100 _aCherrett, T.
245 _aAffordable rural housing
260 _c1999
350 _a0
490 _aHousing and Planning Review
_v54(1) February/March 1999, 19(1)
520 _aResearch into affordable housing for rural communities continues to be patchy. This article explores the shortcomings of current policy and practice, and how they can be overcome. (taken from Journal headnote.)
650 _aHOUSING NEEDS
650 _aRURAL COMMUNITIES
650 _aRURAL HOUSING ENABLERS
650 _aRURAL HOUSING
650 _aVILLAGE APPRAISALS
690 _aHOUSING
942 _n0
948 _c05/03/1999
999 _c59980
_d59980